• 首页
  • 本馆介绍
  • 公告通知
  • 最新文献
  • 馆藏检索
  • 电子资源
  • 读者导购
  • 参考咨询
  • 我的图书馆
  • 登录
  • 详细信息显示
  • 放入我的书架
  • 预约/预借图书
  • 作者相关作品
  • 分类相关作品
  • 丛书相关作品
  • 出版社相关作品

书目信息

  • 表格格式
  • 工作单格式
  • 卡片格式
题名:
动力气象学引论
    
 
作者: 霍尔顿 , 哈基姆 著 ;段明铿 , 王文 , 刘毅庭 译
分册:  
出版信息: 北京   电子工业出版社  2019.6
页数: 14,402页
开本: 26cm
丛书名: 大气科学经典译丛
单 册:
中图分类: P43
科图分类:
主题词: 理论气象学
电子资源:
ISBN: 978-7-121-35611-7
000 01347nam0 2200337 45
001 012001000537
005 20130911152800.0
010    @a978-7-121-35611-7@dCNY99.00
100    @a20190620d2019 em y0chiy50 ea
101 1  @achi@ceng
102    @aCN@b110000
105    @aa z 000yy
106    @ar
200 1  @a动力气象学引论@Adong li qi xiang xue yin lun@b专著@dAn introduction to dynamic meteorology@f(美)James R. Holton,(美)Gregory J. Hakim著@g段明铿,王文,刘毅庭译@zeng
210    @a北京@c电子工业出版社@d2019.6
215    @a14,402页@c图,照片@d26cm
225 1  @a大气科学经典译丛
300    @a并列题名:Introduction to dynamic meteorology
305    @a据原书第5版译出 由Elsevier (Singapore) Pte Ltd.授权出版
330    @a本书全面、系统地阐述了动力气象学的基本概念和基本理论,从理论上深入探讨了大气环流、天气系统和其他大气运动的演变规律还讨论了一些动力气象学领域的新进展。
461  0 @12001 @a大气科学经典译丛
510 1  @aIntroduction to dynamic meteorology@zeng
606 0  @a理论气象学
690    @aP43@v5
701  0 @c(美)@a霍尔顿@Ahuo er dun@c(Holton, James R.)@4著
701  0 @c(美)@a哈基姆@Aha ji mu@c(Hakim, Gregory J.)@4著
702  0 @a段明铿@Aduan ming keng@4译
702  0 @a王文@Awang wen@4译
702  0 @a刘毅庭@Aliu yi ting@4译
801  0 @aCN@bBJSDL@c20211011
905    @b1335410-3@dP43@e176@f4
    
    动力气象学引论=An introduction to dynamic meteorology/(美)James R. Holton,(美)Gregory J. Hakim著/段明铿,王文,刘毅庭译.-北京:电子工业出版社,2019.6
    14,402页:图,照片;26cm.-(大气科学经典译丛)
    并列题名:Introduction to dynamic meteorology
    
    ISBN 978-7-121-35611-7:CNY99.00
    本书全面、系统地阐述了动力气象学的基本概念和基本理论,从理论上深入探讨了大气环流、天气系统和其他大气运动的演变规律还讨论了一些动力气象学领域的新进展。
●
相关链接 在E读中查询图书 在五车中查询图书 在当当中查询图书 在豆瓣中查询图书


正题名:动力气象学引论     索取号:P43/176         预约/预借

序号 登录号 条形码 馆藏地/架位号 状态 备注
1 1335410   213354109   第二样本阅览室/ [索取号:P43/176] 在馆    
2 1335411   213354118   第三借阅区/ [索取号:P43/176] 在馆    
3 1335412   213354127   第三借阅区/ [索取号:P43/176] 在馆    
4 1335413   213354136   第三借阅区/ [索取号:P43/176] 在馆    
唐山师范学院图书馆 欢迎您!
大连网信软件有限公司© 版权所有